Normal view MARC view

Entry Geographic Name

Number of records used in: 1

001 - CONTROL NUMBER

  • control field: 14951

003 - CONTROL NUMBER IDENTIFIER

  • control field: OSt

005 - DATE AND TIME OF LATEST TRANSACTION

  • control field: 20210927110137.0

008 - FIXED-LENGTH DATA ELEMENTS

  • fixed length control field: 210927|| aca||aabn | a|a d

040 ## - CATALOGING SOURCE

  • Original cataloging agency: OSt
  • Transcribing agency: OSt

151 ## - HEADING--GEOGRAPHIC NAME

  • Geographic name: Nile River Watershed.

670 ## - SOURCE DATA FOUND

  • Source citation: Work cat.: (OSt)0: Oestigaard,Terje; 2038, Nile issues., 2010.